000 00627nam a2200241Ia 4500
008 170203s9999 xx 000 0 und d
020 _a0-30711841x
050 _aFic
050 _bK37t
100 _aKent, Jack.
245 _aThere's no such thing as a dragon :
245 _bstory and pictures /
245 _cby Jack Kent.
260 _aRacine, Wis. :
260 _bWestern Pub. Co.,
260 _c©1975.
300 _a23 unnumbered pages :
300 _bcolor illustrations ;
300 _c21 cm.
440 _aLittle golden book & record.
650 _aDragons --
650 _xJuvenile fiction.
999 _c306491
_d306491